<?xml version="1.0" encoding="UTF-8"?>
<record
    xmlns:xsi="http://www.w3.org/2001/XMLSchema-instance"
    xsi:schemaLocation="http://www.loc.gov/MARC21/slim http://www.loc.gov/standards/marcxml/schema/MARC21slim.xsd"
    xmlns="http://www.loc.gov/MARC21/slim">

  <leader>01232nam a2200205 a 4500</leader>
  <controlfield tag="008">180515e2011    mx ||||| |||| 00| 1 spa d</controlfield>
  <datafield tag="020" ind1=" " ind2=" ">
    <subfield code="a">9786074004342</subfield>
  </datafield>
  <datafield tag="041" ind1=" " ind2=" ">
    <subfield code="a">spa</subfield>
  </datafield>
  <datafield tag="092" ind1=" " ind2=" ">
    <subfield code="c">808</subfield>
    <subfield code="l">5</subfield>
    <subfield code="s">AUL</subfield>
  </datafield>
  <datafield tag="100" ind1="1" ind2=" ">
    <subfield code="a">Auel, Jean M.</subfield>
    <subfield code="9">3919</subfield>
  </datafield>
  <datafield tag="245" ind1=" " ind2="3">
    <subfield code="a">El clan del oso cavernario /</subfield>
    <subfield code="c">Jean M. Auel</subfield>
  </datafield>
  <datafield tag="250" ind1=" " ind2=" ">
    <subfield code="a">1a ed.</subfield>
    <subfield code="b">Traducci&#xF3;n revisada y actualizada en 2010, Leonor Tejada Conde Pelayo</subfield>
  </datafield>
  <datafield tag="260" ind1=" " ind2=" ">
    <subfield code="a">M&#xE9;xico:</subfield>
    <subfield code="b">Oc&#xE9;ano;</subfield>
    <subfield code="c">2011.</subfield>
  </datafield>
  <datafield tag="300" ind1=" " ind2=" ">
    <subfield code="a">559 p.</subfield>
  </datafield>
  <datafield tag="500" ind1=" " ind2=" ">
    <subfield code="a">Auel, J. (2011). El clan del oso cavernario. (1a ed.). M&#xE9;xico : Oc&#xE9;ano.</subfield>
  </datafield>
  <datafield tag="505" ind1=" " ind2=" ">
    <subfield code="a">Tras sobrevivir a una cat&#xE1;strofe que acaba con los miembros de su familia, Ayla, una ni&#xF1;a croma&#xF1;on de cinco a&#xF1;os, se encuentra sola en un mundo salvaje donde el peligro acecha a cada paso. Cuando est&#xE1; a punto de morir, la peque&#xF1;a es adoptada por el clan, un grupo de neadertales que le ayudan a sobrevivir y comparten con ella sus conocimientos, habilidades y creencias. Muy pronto, Ayla demuestra una inteligencia sobresaliente que la llevar&#xE1; a cuestionar las tradiciones del grupo y a emprender una fascinante aventura en busca de su propia identidad. </subfield>
  </datafield>
  <datafield tag="590" ind1=" " ind2=" ">
    <subfield code="a">DONACION DR. Andres Gallardo Mayo 2018





</subfield>
  </datafield>
  <datafield tag="655" ind1=" " ind2=" ">
    <subfield code="a">Literatura</subfield>
    <subfield code="9">2917</subfield>
  </datafield>
  <datafield tag="942" ind1=" " ind2=" ">
    <subfield code="2">ddc</subfield>
    <subfield code="c">LIT</subfield>
  </datafield>
  <datafield tag="999" ind1=" " ind2=" ">
    <subfield code="c">2734</subfield>
    <subfield code="d">2734</subfield>
  </datafield>
  <datafield tag="952" ind1=" " ind2=" ">
    <subfield code="0">0</subfield>
    <subfield code="1">0</subfield>
    <subfield code="2">ddc</subfield>
    <subfield code="4">0</subfield>
    <subfield code="7">0</subfield>
    <subfield code="a">BFM</subfield>
    <subfield code="b">BFM</subfield>
    <subfield code="c">CR</subfield>
    <subfield code="d">2018-05-15</subfield>
    <subfield code="e">Donacion</subfield>
    <subfield code="l">2</subfield>
    <subfield code="m">1</subfield>
    <subfield code="o">808 5 AUE</subfield>
    <subfield code="p">4249</subfield>
    <subfield code="r">2020-03-10</subfield>
    <subfield code="s">2019-12-20</subfield>
    <subfield code="t">Ej. 1</subfield>
    <subfield code="w">2018-05-15</subfield>
    <subfield code="y">LIT</subfield>
    <subfield code="z">DONACION DR. Andres Gallardo Mayo 2018</subfield>
  </datafield>
</record>
